<?xml version="1.0" encoding="UTF-8"?>
<record
    xmlns:xsi="http://www.w3.org/2001/XMLSchema-instance"
    xsi:schemaLocation="http://www.loc.gov/MARC21/slim http://www.loc.gov/standards/marcxml/schema/MARC21slim.xsd"
    xmlns="http://www.loc.gov/MARC21/slim">

  <leader>00700na  a2200217   4500</leader>
  <controlfield tag="001">20967</controlfield>
  <controlfield tag="003">MIRAKIL</controlfield>
  <controlfield tag="005">20181213155240.0</controlfield>
  <controlfield tag="008">170130b        tu            000 0      </controlfield>
  <datafield tag="035" ind1=" " ind2=" ">
    <subfield code="a">20967</subfield>
  </datafield>
  <datafield tag="040" ind1=" " ind2=" ">
    <subfield code="a">Milas</subfield>
    <subfield code="b">tur</subfield>
    <subfield code="c">TR-AnCHP</subfield>
  </datafield>
  <datafield tag="041" ind1=" " ind2=" ">
    <subfield code="a">tur</subfield>
  </datafield>
  <datafield tag="082" ind1=" " ind2=" ">
    <subfield code="a">330.9561</subfield>
    <subfield code="b">B55 1999</subfield>
  </datafield>
  <datafield tag="090" ind1=" " ind2=" ">
    <subfield code="a">330.9561 B55 1999</subfield>
  </datafield>
  <datafield tag="245" ind1=" " ind2=" ">
    <subfield code="a">1999 Y&#x131;ll&#x131;k ekonomik rapor</subfield>
    <subfield code="c">T.C. Maliye Bakanl&#x131;&#x11F;&#x131;</subfield>
  </datafield>
  <datafield tag="260" ind1=" " ind2=" ">
    <subfield code="a">Ankara </subfield>
    <subfield code="b">Maliye Bakanl&#x131;&#x11F;&#x131;</subfield>
    <subfield code="c">1999</subfield>
    <subfield code="f">Ba&#x15F;bakanl&#x131;k  bas&#x131;mevi</subfield>
  </datafield>
  <datafield tag="300" ind1=" " ind2=" ">
    <subfield code="a">267 s.</subfield>
    <subfield code="b">tbl. ; grf.</subfield>
    <subfield code="c">29 sm.</subfield>
  </datafield>
  <datafield tag="500" ind1=" " ind2=" ">
    <subfield code="a">2000 y&#x131;l&#x131; b&#xFC;t&#xE7;e kanunu tasar&#x131;s&#x131; ile birlikte T&#xFC;rkiye B&#xFC;y&#xFC;k Millet Meclisine sunulmu&#x15F;tur.</subfield>
  </datafield>
  <datafield tag="650" ind1=" " ind2=" ">
    <subfield code="a">T&#xFC;rkiye</subfield>
    <subfield code="x">Ekonomik durum</subfield>
    <subfield code="y">1999</subfield>
  </datafield>
  <datafield tag="942" ind1=" " ind2=" ">
    <subfield code="2">ddc</subfield>
    <subfield code="c">BKS</subfield>
  </datafield>
  <datafield tag="952" ind1=" " ind2=" ">
    <subfield code="a">0001</subfield>
    <subfield code="b">0001</subfield>
    <subfield code="d">2017-01-30</subfield>
    <subfield code="e">2</subfield>
    <subfield code="l">0</subfield>
    <subfield code="o">330.9561 B55 1999</subfield>
    <subfield code="p">012145</subfield>
    <subfield code="r">2017-01-30 00:00:00</subfield>
    <subfield code="v">0.00</subfield>
    <subfield code="w">2017-01-30</subfield>
    <subfield code="y">BKS</subfield>
  </datafield>
  <datafield tag="999" ind1=" " ind2=" ">
    <subfield code="c">9241</subfield>
    <subfield code="d">9241</subfield>
  </datafield>
</record>
